Adaptívna a inovatívna organizácia - adaptívny a inovatívny zamestnanec
Pohľad na oblasť prepojenia kognitívneho prístupu z pohľadu zamestnancov, pracovných tímov a zároveň pohľadu na kognitívne zameranie organizácie. Súčasťou príspevku je poukázať na rozdielnosť v celkovom prístupe a riešení úloh zamestnancov vzhľadom na preferovaný kognitívny štýl a možnosti ich využí...
Saved in:
| Main Author: | |
|---|---|
| Format: | Book Chapter |
| Language: | Slovak |
| Subjects: | |
| Tags: |
No Tags, Be the first to tag this record!
|
MARC
| LEADER | 00000naa$a2200000$$$4500 | ||
|---|---|---|---|
| 001 | 0249996 | ||
| 005 | 20240502074013.2 | ||
| 041 | 0 | |a slo | |
| 044 | |a SK | ||
| 245 | 1 | 0 | |a Adaptívna a inovatívna organizácia - adaptívny a inovatívny zamestnanec |c Hana Gažová Adamková |
| 520 | |a Pohľad na oblasť prepojenia kognitívneho prístupu z pohľadu zamestnancov, pracovných tímov a zároveň pohľadu na kognitívne zameranie organizácie. Súčasťou príspevku je poukázať na rozdielnosť v celkovom prístupe a riešení úloh zamestnancov vzhľadom na preferovaný kognitívny štýl a možnosti ich využívania v personálnej a manažérskej praxi. | ||
| 610 | 2 | 0 | |a kapitál ľudský |
| 610 | 2 | 0 | |a zdroje ľudské |
| 610 | 2 | 0 | |a zamestnanci |
| 610 | 2 | 0 | |a adaptabilita |
| 610 | 2 | 0 | |a inovácie sociálne |
| 610 | 2 | 0 | |a inovácie technologické |
| 610 | 2 | 0 | |a organizácia podniku |
| 610 | 2 | 0 | |a organizácia práce |
| 610 | 2 | 0 | |a manažment personálny |
| 610 | 2 | 0 | |a metódy riadenia |
| 100 | 1 | |a Gažová Adamková, Hana, 1969- | |